Are accruals only adjusting entries at the end of reporting period?

Akruálne účtovníctvo. Proces prispôsobovania. Prírastky = ovocie akruálneho účtovníctva. Príjmy.

Salvato in:
Dettagli Bibliografici
Autore principale: Kucková, Alena
Natura: Capitolo di libro
Lingua:inglese
Soggetti:
Tags: Aggiungi Tag
Nessun Tag, puoi essere il primo ad aggiungerne!!

MARC

LEADER 00000naa$a2200000$$$4500
001 0117221
005 20240502083305.9
041 0 |a eng 
044 |a CZ 
245 1 0 |a Are accruals only adjusting entries at the end of reporting period?  |c Alena Kucková 
520 |a Akruálne účtovníctvo. Proces prispôsobovania. Prírastky = ovocie akruálneho účtovníctva. Príjmy. 
610 2 0 |a účtovníctvo akruálne 
610 2 0 |a príjmy 
610 2 0 |a zisk 
100 1 |a Kucková, Alena